000
00295nam a22001457a 4500
008
221025b ||||| |||| 00| 0 eng d
020
_a
9780399521522
041
_a
eng
080
_a
7
082
_a
7KLE
100
_a
21.1
101
_a
ART
245
_a
STYLE
_c
KLENSCH E
942
_2
udc
_c
BK
999
_c
58673
_d
58673